<?xml version="1.0" encoding="UTF-8"?>
<record
    xmlns:xsi="http://www.w3.org/2001/XMLSchema-instance"
    xsi:schemaLocation="http://www.loc.gov/MARC21/slim http://www.loc.gov/standards/marcxml/schema/MARC21slim.xsd"
    xmlns="http://www.loc.gov/MARC21/slim">

  <leader>00836nam a22001337a 4500</leader>
  <datafield tag="999" ind1=" " ind2=" ">
    <subfield code="c">524535</subfield>
    <subfield code="d">524535</subfield>
  </datafield>
  <controlfield tag="008">231218b           ||||| |||| 00| 0 eng d</controlfield>
  <datafield tag="245" ind1=" " ind2=" ">
    <subfield code="a">Redefining mobility: Transforming landscape of transport sector </subfield>
  </datafield>
  <datafield tag="260" ind1=" " ind2=" ">
    <subfield code="a">Yojana</subfield>
  </datafield>
  <datafield tag="300" ind1=" " ind2=" ">
    <subfield code="a">67(12), Dec, 2023: p.34-42</subfield>
  </datafield>
  <datafield tag="520" ind1=" " ind2=" ">
    <subfield code="a">PM GatiShakti national master plan for multi-model connectivity, 2021, is essentially a digital platform to bring 16 ministries, including railways and roadways together for integrated planning and coordinated implementation of infrastructure connectivity projects. Multi-model connectivity for the movement of people, goods and series from one mode of transport to another. It will facilitate the last-mile connectivity of infrastructure and also reduce travel time for people. &#x2013; Reproduced </subfield>
  </datafield>
  <datafield tag="773" ind1=" " ind2=" ">
    <subfield code="a">Yojana</subfield>
  </datafield>
  <datafield tag="906" ind1=" " ind2=" ">
    <subfield code="a">TRANSPORT</subfield>
  </datafield>
  <datafield tag="942" ind1=" " ind2=" ">
    <subfield code="c">AR</subfield>
  </datafield>
  <datafield tag="952" ind1=" " ind2=" ">
    <subfield code="0">0</subfield>
    <subfield code="1">0</subfield>
    <subfield code="2">ddc</subfield>
    <subfield code="4">0</subfield>
    <subfield code="7">0</subfield>
    <subfield code="9">399590</subfield>
    <subfield code="a">IIPA</subfield>
    <subfield code="b">IIPA</subfield>
    <subfield code="d">2023-12-18</subfield>
    <subfield code="h">67(12), Dec, 2023: p.34-42</subfield>
    <subfield code="p">AR130361</subfield>
    <subfield code="r">2023-12-18</subfield>
    <subfield code="y">AR</subfield>
  </datafield>
</record>
